|
|
|
|
| LEADER |
00000cam a2200000 7i4500 |
| 001 |
0000001643 |
| 005 |
20151222.0 |
| 008 |
070706 |
| 020 |
|
|
|a 9838914231
|
| 020 |
|
|
|a 9838914282(set)
|
| 090 |
0 |
0 |
|a JF
|b MAL (2114)
|
| 100 |
0 |
|
|a Muhammad bin Harun
|
| 245 |
1 |
0 |
|a Derita yang dicari
|c Muhammad bin Harun
|
| 260 |
|
|
|a Selangor :
|b Penerbirt Orkid ,
|c 2006
|
| 440 |
|
0 |
|a Siri delima empat sekawan
|
| 500 |
|
|
|a Children ages 7-9 years old (orange)
|
| 650 |
|
0 |
|a Children's stories, Malay
|
| 650 |
|
0 |
|a Malay fiction
|
| 710 |
0 |
|
|a Title
|
| 999 |
|
|
|a 0000920328
|b Book
|c Children Collection
|e Cawangan Bukit Gambir
|
| 999 |
|
|
|a 0000920329
|b Book
|c Children Collection
|e Cawangan Bukit Gambir
|
| 999 |
|
|
|a 0000920330
|b Book
|c Children Collection
|e Cawangan Bukit Gambir
|
| 999 |
|
|
|a 0000930365
|b Book
|c Children Collection
|e Cawangan Tangkak
|
| 999 |
|
|
|a 0000930366
|b Book
|c Children Collection
|e Cawangan Tangkak
|
| 999 |
|
|
|a 0000930367
|b Book
|c Children Collection
|e Cawangan Tangkak
|
| 999 |
|
|
|a 0000957814
|b Book
|c Children Collection
|e Perbadanan Perpustakaan Awam Johor
|
| 999 |
|
|
|a 0000957815
|b Book
|c Children Collection
|e Cawangan Bukit Gambir
|
| 999 |
|
|
|a 0000957816
|b Book
|c Children Collection
|e Cawangan Tangkak
|
| 999 |
|
|
|a 0000957817
|b Book
|c Children Collection
|e Cawangan Muar
|
| 999 |
|
|
|a 0000957818
|b Book
|c Children Collection
|e Perbadanan Perpustakaan Awam Johor
|
| 999 |
|
|
|a 0001146800
|b Book
|c Teenagers
|e Cawangan Bandar Tenggara
|